<?xml version="1.0" encoding="UTF-8"?>
<record
    xmlns:xsi="http://www.w3.org/2001/XMLSchema-instance"
    xsi:schemaLocation="http://www.loc.gov/MARC21/slim http://www.loc.gov/standards/marcxml/schema/MARC21slim.xsd"
    xmlns="http://www.loc.gov/MARC21/slim">

  <leader>01523nam a2200241   4500</leader>
  <controlfield tag="001">113523</controlfield>
  <controlfield tag="003">DR-UNIBE</controlfield>
  <controlfield tag="005">20250430145232.0</controlfield>
  <controlfield tag="008">250430b1980    sp ||||| |||| 00| 0 spa d</controlfield>
  <datafield tag="020" ind1=" " ind2=" ">
    <subfield code="a">8430908374</subfield>
  </datafield>
  <datafield tag="040" ind1=" " ind2=" ">
    <subfield code="a">BIBLIOTECA UNIBE</subfield>
    <subfield code="b">spa</subfield>
    <subfield code="c">BIBLIOTECA UNIBE</subfield>
    <subfield code="e">rda</subfield>
  </datafield>
  <datafield tag="041" ind1=" " ind2=" ">
    <subfield code="a">spa</subfield>
  </datafield>
  <datafield tag="082" ind1=" " ind2=" ">
    <subfield code="2">22</subfield>
    <subfield code="a">341 J45d</subfield>
  </datafield>
  <datafield tag="100" ind1=" " ind2=" ">
    <subfield code="a"> Jim&#xE9;nez de Ar&#xE9;chaga, Eduardo,</subfield>
    <subfield code="d">1918-1994</subfield>
    <subfield code="9">194768</subfield>
    <subfield code="e">autor</subfield>
  </datafield>
  <datafield tag="245" ind1=" " ind2=" ">
    <subfield code="a">El derecho internacional contempor&#xE1;neo / </subfield>
    <subfield code="c">Eduardo Jim&#xE9;nez de Ar&#xE9;chaga</subfield>
  </datafield>
  <datafield tag="250" ind1=" " ind2=" ">
    <subfield code="a">Primera edici&#xF3;n</subfield>
  </datafield>
  <datafield tag="260" ind1=" " ind2=" ">
    <subfield code="a">Madrid : </subfield>
    <subfield code="b">Editorial Tecnos,</subfield>
    <subfield code="c">1980</subfield>
  </datafield>
  <datafield tag="300" ind1=" " ind2=" ">
    <subfield code="a">379 p&#xE1;ginas ; </subfield>
    <subfield code="c">24 x, 15  cm</subfield>
  </datafield>
  <datafield tag="490" ind1=" " ind2=" ">
    <subfield code="a"> Semilla y surco : Colecci&#xF3;n de Ciencias Sociales. Serie de relaciones Internacionales </subfield>
  </datafield>
  <datafield tag="505" ind1=" " ind2=" ">
    <subfield code="a">Cap&#xED;tulo I: la costumbre como fuente de derecho internacional |
Capitulo II: el derecho de los tratados |
Cap&#xED;tulo III. la nulidad y la terminaci&#xF3;n de los tratados |
Cap&#xED;tulo IV: principios generales de derecho internacional que rigen la conducta de los Estados |
Cap&#xED;tulo V: medidas colectivas para el mantenimiento de la paz y seguridad |
Cap&#xED;tulo VI: el arreglo pac&#xED;fico de controversias y la Corte Internacional de Justicia |
Cap&#xED;tulo VII: sujetos de derecho internacional. El Estado y su territorio |
Cap&#xED;tulo VIII: el derecho del mar |
Cap&#xED;tulo IX: r&#xE9;gimen jur&#xED;dico del espacio a&#xE9;reo y del espacio ultraterrestre |
Cap&#xED;tulo X: Responsabilidad internacional |
Observaciones finales |
&#xCD;ndices</subfield>
  </datafield>
  <datafield tag="650" ind1=" " ind2=" ">
    <subfield code="2">lemb</subfield>
    <subfield code="a">Derecho internacional</subfield>
  </datafield>
  <datafield tag="942" ind1=" " ind2=" ">
    <subfield code="2">ddc</subfield>
    <subfield code="c">BK</subfield>
  </datafield>
  <datafield tag="999" ind1=" " ind2=" ">
    <subfield code="c">113523</subfield>
    <subfield code="d">113523</subfield>
  </datafield>
  <datafield tag="952" ind1=" " ind2=" ">
    <subfield code="0">0</subfield>
    <subfield code="1">0</subfield>
    <subfield code="2">ddc</subfield>
    <subfield code="7">0</subfield>
    <subfield code="8">GEN</subfield>
    <subfield code="a">Principal</subfield>
    <subfield code="d">2025-04-01</subfield>
    <subfield code="l">0</subfield>
    <subfield code="o">341 J45d</subfield>
    <subfield code="p">250381</subfield>
    <subfield code="r">2025-04-30 14:28:29</subfield>
    <subfield code="t">Ej. 1</subfield>
    <subfield code="w">2025-04-30</subfield>
    <subfield code="y">BK</subfield>
  </datafield>
</record>
